|
|
|
|
| LEADER |
01750nam a2200397 4500 |
| 001 |
ocn652404530 |
| 003 |
OCoLC |
| 005 |
20180501121933.0 |
| 006 |
m o d |
| 007 |
cr cnu---||||| |
| 008 |
100716s2002 ne a ob 001 0 eng d |
| 040 |
|
|
|a SFB
|b eng
|e pn
|c SFB
|d OCLCQ
|d OPELS
|d OCLCQ
|d OPELS
|d OCLCF
|d OCLCQ
|d DEBSZ
|d FIE
|d OCLCA
|d GrThAP
|
| 020 |
|
|
|a 044451080X
|q (electronic bk.)
|
| 020 |
|
|
|a 9780444510808
|q (electronic bk.)
|
| 035 |
|
|
|a (OCoLC)652404530
|
| 050 |
|
4 |
|a HD1415
|b .H313 2001 v. 18, etc.
|
| 082 |
0 |
4 |
|a 338.1
|2 21
|
| 049 |
|
|
|a TEFA
|
| 245 |
0 |
0 |
|a Handbook of agricultural economics.
|n Vol. 2A /
|c edited by Bruce L. Gardner and Gordon C. Rausser.
|
| 246 |
3 |
|
|a Agriculture and its external linkages
|
| 260 |
|
|
|a Amsterdam ;
|a London :
|b North Holland
|b Elsevier [distributor],
|c Ã2002.
|
| 300 |
|
|
|a 1 online resource (xiii, pages 1213-1686, [42] pages) :
|b illustrations.
|
| 336 |
|
|
|a text
|b txt
|2 rdacontent
|
| 337 |
|
|
|a computer
|b c
|2 rdamedia
|
| 338 |
|
|
|a online resource
|b cr
|2 rdacarrier
|
| 504 |
|
|
|a Includes bibliographical references and indexes.
|
| 588 |
0 |
|
|a Print version record.
|
| 650 |
|
0 |
|a Agriculture
|x Economic aspects.
|
| 650 |
|
0 |
|a Agriculture
|x Environmental aspects.
|
| 650 |
|
7 |
|a Agriculture
|x Economic aspects.
|2 fast
|0 (OCoLC)fst00801415
|
| 650 |
|
7 |
|a Agriculture
|x Environmental aspects.
|2 fast
|0 (OCoLC)fst00801499
|
| 655 |
|
4 |
|a Electronic books.
|
| 700 |
1 |
|
|a Gardner, Bruce L.
|
| 700 |
1 |
|
|a Rausser, Gordon C.
|
| 776 |
0 |
8 |
|i Print version:
|t Handbook of agricultural economics. Vol. 2A, Agriculture and its external linkages.
|d Amsterdam : North-Holland
|z 9780444510808
|z 044451080X
|w (OCoLC)51482951
|
| 856 |
4 |
0 |
|u https://www.sciencedirect.com/science/handbooks/15740072/2/part/PA
|z Full Text via HEAL-Link
|